La preposición

Uloženo v:
Podrobná bibliografie
Hlavní autor: Müller Delgado, Marta Virginia
Médium: Kniha
Jazyk:Undetermined
Vydáno: San José, Costa Rica M.V. Müller Delgado 1987
Témata:
Tagy: Přidat tag
Žádné tagy, Buďte první, kdo vytvoří štítek k tomuto záznamu!

MARC

LEADER 00000nam a2200000Ia 4500
008 170316s9999 xx 000 0 und d
090 |a 415-E M-19p 
100 |a Müller Delgado, Marta Virginia 
245 |a La preposición 
260 |a San José, Costa Rica 
260 |b M.V. Müller Delgado 
260 |c 1987 
300 |a 35 páginas 
650 |a GRAMÁTICA ESPAÑOLA 
999 |c 19040  |d 19040 
040 |a cru BVZT 
942 |c 15 D  |h 415-E M-19p  |2 z